LEADER 01500nam a2200301 u 4500 001 000000118241 003 CaOOAMICUS 005 20091123131732.0 008 091123t2003 it b u000 u ita r 040 $aPUL$bita$dReb 041 1 $aita$heng 100 1 $aOren, Michael B.$0(OLS)http://pul/name/73823 240 10$aSix days of war$lItaliano.$0(OLS)http://pul/title/148801 245 13$aLa guerra dei Sei giorni :$bgiugno 1967: alle origini del conflitto arabo-israeliano /$cMichael B. Oren ; traduzione di Massimo Parizzi. 260 $aMilano :$bMondadori ;$aMilano :$bIl Giornale :$bA. Mondadori,$c©2003. 300 $a552 p., 1 c. geog. :$bill. ;$c22 cm. 490 1 $aBiblioteca storica ;$v39. 500 $aSupplemento del quotidiano "Il Giornale". 504 $aBibliografia p. [519]-542. 650 4$aConflitto arabo-israeliano$y1967.$0(OLS)http://pul/subject/35882 700 1 $aParizzi, Massimo.$0(OLS)http://pul/name/39913 830 0$aBiblioteca storica (Il Giornale) ;$v39.$0(OLS)http://pul/title/139579 850 $aPUL 852 $aPUL$W1$xDP2 Filosofia 3$y112$m940. 5 COLL 1.39$j135662$qDDC 21$B134644$CPULBib$Z2$F134644 $H111705 $82 941 1 $a9 996 $6245$aLa guerra dei Sei giorni :$bgiugno 1967: alle origini del conflitto arabo-israeliano$9(OLS)http://pul/title/148800 996 $6260$aMilano :$bMondadori$9(OLS)http://pul/publisher/50297 996 $6260$aMilano :$bIl Giornale :$bA. Mondadori$9(OLS)http://pul/publisher/79097 LEADER 01427nam a2200325 a 4500 001 000000151362 003 CaOOAMICUS 005 20160419102639.0 008 160419s2016 it u000 u ita r 020 $a978-88-6929-104-3* 032 $aLibriCat 040 $aPUL$bita 082 04$a194 245 00$aPaul Ricoeur e "les proches" :$bvivere e raccontare il Novecento /$ca cura di Vinicio Busacchi e Giovanna Costanzo ; presentazione di Daniella Iannotta. 260 $aCantalupa (To) :$bEffatą,$c©2016. 300 $a633 p. ;$c21 cm. 500 $aSul front.: Commemorazione del Centenario della nascita. 504 $aBibliografia in nota. 600 14$aRicoeur, Paul,$d1913-2005.$0(OLS)http://pul/subject/6719 700 1 $aBusacchi, Vinicio.$0(OLS)http://pul/name/96325 700 1 $aCostanzo, Giovanna.$0(OLS)http://pul/name/96326 700 1 $aIannotta, Daniella.$0(OLS)http://pul/name/13565 850 $aPUL 852 $aPUL$W1$xSL Filosofia 3$y81$m194 BUSVI 1$j173814$qDDC 21$B176253$CPULBib$Z2$F176253 $H127633 $81 941 1 $a9 996 $6020$a978-88-6929-104-3*$9(OLS)http://pul/number/160295 996 $6082$a194$9(OLS)http://pul/classification/382 996 $6245$aPaul Ricoeur e "les proches" :$bvivere e raccontare il Novecento$9(OLS)http://pul/title/190596 996 $6260$aCantalupa (To) :$bEffatą$9(OLS)http://pul/publisher/68547